| 000 | 01153nas a2200301 i 4500 | ||
|---|---|---|---|
| 001 | 2373 | ||
| 003 | ES-MaACL | ||
| 005 | 20250217134620.0 | ||
| 007 | t| | ||
| 008 | 950801d19571992sp q|yp l| 1 ||pa d | ||
| 080 | _a914.602.7 | ||
| 245 | 0 | 0 |
_aVilla de Madrid _b: revista del Excmo. Ayuntamiento / _c[dir. Manuel Pombo Angulo]. |
| 260 |
_aMadrid : _bAyuntamiento de Madrid, _c1957- |
||
| 300 |
_a9 v. : _bil. col. y n., fot. ; _c30 cm. |
||
| 310 | _aTrimestral (con irregularidades). | ||
| 362 | 0 | _aAño I, n. 1 (1957)- | |
| 500 | _aÍndice: De n.1-n. 63, en n. 64 (jul.-sept. 1979) | ||
| 515 | _aNo se publicó en 1963-1965 y 1990. | ||
| 515 | _aSuspendida temporalmente su publicación después del n.108 (1992) | ||
| 555 | _aÍndice de n.1-n.63 en: n.64 (jul.-sept. 1979) | ||
| 651 | 4 |
_aMadrid- _xDescripción. _98952 |
|
| 700 | 1 |
_aPombo Angulo, Manuel. _992912 |
|
| 710 | 1 |
_aMadrid. _bAyuntamiento _9234069 |
|
| 852 | 4 |
_aES-MaACL _jHEM-H-154 _xHem-1226 _d |
|
| 856 |
_uhttp://www.memoriademadrid.es _zIr a la página |
||
| 866 | 0 | _o1957-62,(1974-76),(1978-80),(1982)(1983f.n.76)1984-89.(1991 f.n.103)1992. | |
| 999 |
_c2373 _d2373 |
||